| 000 | 00341nam a2200121Ia 4500 | ||
|---|---|---|---|
| 008 | 210430s9999 xx 000 0 und d | ||
| 082 | _a620.110113 L471C | ||
| 100 | _aLee June Gunn | ||
| 245 |
_aComputational Materials Science An Introduction _cLee June Gunn |
||
| 260 |
_aNew York _bCRC Press _c2012 |
||
| 300 | _a280p. | ||
| 942 |
_cREF _2ddc |
||
| 999 |
_c565810 _d565810 |
||